<La> participation directe: pratiques et interprétations.
O funkcii účastníckeho manažmentu v podniku. Vývoj jeho praxe. Sociologická interpretácia. Všeobecný model fungovania priemyselného podniku. Vývoj sociológie práce vo Francúzsku. Poznanie aktérov pracovnej praxe. Ťažkosti hodnotenia priamej účasti. Obmedzenia účasti aktérov. Príloha: princípy účasti...
Salvato in:
| Autore principale: | |
|---|---|
| Natura: | Capitolo di libro |
| Lingua: | francese |
| Soggetti: | |
| Tags: |
Nessun Tag, puoi essere il primo ad aggiungerne!!
|
MARC
| LEADER | 00000naa a2200000 4500 | ||
|---|---|---|---|
| 001 | r011352 | ||
| 005 | 20220913125149.6 | ||
| 041 | 0 | |a fre | |
| 044 | |a FR | ||
| 245 | 1 | 0 | |a <La> participation directe: pratiques et interprétations. |c J. Gautrat |
| 520 | |a O funkcii účastníckeho manažmentu v podniku. Vývoj jeho praxe. Sociologická interpretácia. Všeobecný model fungovania priemyselného podniku. Vývoj sociológie práce vo Francúzsku. Poznanie aktérov pracovnej praxe. Ťažkosti hodnotenia priamej účasti. Obmedzenia účasti aktérov. Príloha: princípy účasti partnerov. (Travail 1991-1992, č. 24.). | ||
| 610 | 2 | 0 | |a manažment |
| 610 | 2 | 0 | |a účasť na riadení |
| 610 | 2 | 0 | |a sociológia práce |
| 610 | 2 | 0 | |a riadenie podnikové |
| 610 | 2 | 0 | |a podnik priemyselný |
| 610 | 2 | 0 | |a Francúzsko |
| 610 | 2 | 0 | |a manažéri |
| 100 | 1 | |a Gautrat, J. | |